Design of concrete structures (Record no. 3628)

000 -LEADER
fixed length control field 00663nam a2200229 a 4500
001 - CONTROL NUMBER
control field 3628
003 - CONTROL NUMBER IDENTIFIER
control field BD-DhUET
008 - FIXED-LENGTH DATA ELEMENTS--GENERAL INFORMATION
fixed length control field 850621s1985 enka b 101 0 eng
020 ## - INTERNATIONAL STANDARD BOOK NUMBER
International Standard Book Number 007Y665486
040 ## - CATALOGING SOURCE
Original cataloging agency DLC
Transcribing agency DLC
Modifying agency BD-DhUET
082 00 - DEWEY DECIMAL CLASSIFICATION NUMBER
Classification number 624.183
Item number NIL/1986
100 ## - MAIN ENTRY--PERSONAL NAME
Personal name Nilson, Arthur H.
245 00 - TITLE STATEMENT
Title Design of concrete structures
Statement of responsibility, etc. by Arthur H. Nilson and George Winter
250 ## - EDITION STATEMENT
Edition statement 10th ed.
260 ## - PUBLICATION, DISTRIBUTION, ETC. (IMPRINT)
Place of publication, distribution, etc. New York:
Name of publisher, distributor, etc. McGraw Hill Book Company,
Date of publication, distribution, etc. 1986.
300 ## - PHYSICAL DESCRIPTION
Extent xi, 380 p. :
Other physical details ill. ;
Dimensions 23 cm.
490 ## - SERIES STATEMENT
Series statement Civil engineering series
504 ## - BIBLIOGRAPHY, ETC. NOTE
Bibliography, etc Includes bibliographies
650 #0 - SUBJECT ADDED ENTRY--TOPICAL TERM
Topical term or geographic name as entry element Reinforced concrete
700 ## - ADDED ENTRY--PERSONAL NAME
Personal name Winter, George
942 ## - ADDED ENTRY ELEMENTS (KOHA)
Koha item type General Book
Holdings
Price effective from Koha out on loan Koha issues (times borrowed) Withdrawn status Copy number Not for loan Shelving location Lost status Koha normalized classification for sorting Koha renewals Koha date last borrowed Piece designation (barcode) Damaged status Koha date last seen Date acquired Koha item type Source of classification or shelving scheme Location (home branch) Sublocation or collection (holding branch) Koha full call number
2014-11-022027-02-236 1 Circulation section 624_000000000000000_183NIL198612026-02-2377873 2026-02-232014-11-02General Book Central Library, BUETCentral Library, BUET624.183/NIL/1986
2024-12-04   ১০/ক-১ Rental section 624_183000000000000_NIL_1986  77816 2024-12-041990-10-23Rental Item Central Library, BUETCentral Library, BUET624.183 NIL/1986
2024-12-04   ১০/ক-২ Rental section 624_183000000000000_NIL_1986  77817 2024-12-041990-10-23Rental Item Central Library, BUETCentral Library, BUET624.183 NIL/1986
2024-12-04   ১০/ক-৩ Rental section 624_183000000000000_NIL_1986  77818 2024-12-041990-10-23Rental Item Central Library, BUETCentral Library, BUET624.183 NIL/1986
2024-12-04   ১০/ক-৪ Rental section 624_183000000000000_NIL_1986  77819 2024-12-041990-10-23Rental Item Central Library, BUETCentral Library, BUET624.183 NIL/1986
2024-12-04   ১০/ক-৫ Rental section 624_183000000000000_NIL_1986  77820 2024-12-041990-10-23Rental Item Central Library, BUETCentral Library, BUET624.183 NIL/1986
2024-12-04   ১০/ক-৬ Rental section 624_183000000000000_NIL_1986  77821 2024-12-041990-10-23Rental Item Central Library, BUETCentral Library, BUET624.183 NIL/1986
2024-12-04   ১০/ক-৭ Rental section 624_183000000000000_NIL_1986  77822 2024-12-041990-10-23Rental Item Central Library, BUETCentral Library, BUET624.183 NIL/1986
2024-12-04   ১০/ক-৮ Rental section 624_183000000000000_NIL_1986  77823 2024-12-041990-10-23Rental Item Central Library, BUETCentral Library, BUET624.183 NIL/1986
2024-12-04   ১০/ক-৯ Rental section 624_183000000000000_NIL_1986  77824 2024-12-041990-10-23Rental Item Central Library, BUETCentral Library, BUET624.183 NIL/1986
2024-12-04   ১০/ক-১০ Rental section 624_183000000000000_NIL_1986  77825 2024-12-041990-10-23Rental Item Central Library, BUETCentral Library, BUET624.183 NIL/1986
2024-12-04   ১০/ক-১১ Rental section 624_183000000000000_NIL_1986  77826 2024-12-041990-10-23Rental Item Central Library, BUETCentral Library, BUET624.183 NIL/1986
2024-12-04   ১০/ক-১২ Rental section 624_183000000000000_NIL_1986  77827 2024-12-041990-10-23Rental Item Central Library, BUETCentral Library, BUET624.183 NIL/1986
2024-12-04   ১০/ক-১৩ Rental section 624_183000000000000_NIL_1986  77828 2024-12-041990-10-23Rental Item Central Library, BUETCentral Library, BUET624.183 NIL/1986
2024-12-04   ১০/ক-১৪ Rental section 624_183000000000000_NIL_1986  77829 2024-12-041990-10-23Rental Item Central Library, BUETCentral Library, BUET624.183 NIL/1986
2024-12-04   ১০/ক-১৫ Rental section 624_183000000000000_NIL_1986  77830 2024-12-041990-10-23Rental Item Central Library, BUETCentral Library, BUET624.183 NIL/1986
2024-12-04   ১০/ক-১৬ Rental section 624_183000000000000_NIL_1986  77831 2024-12-041990-10-23Rental Item Central Library, BUETCentral Library, BUET624.183 NIL/1986
2024-12-04   ১০/ক-১৭ Rental section 624_183000000000000_NIL_1986  77832 2024-12-041990-10-23Rental Item Central Library, BUETCentral Library, BUET624.183 NIL/1986
2024-12-04   ১০/ক-১৮ Rental section 624_183000000000000_NIL_1986  77833 2024-12-041990-10-23Rental Item Central Library, BUETCentral Library, BUET624.183 NIL/1986
2024-12-04   ১০/ক-১৯ Rental section 624_183000000000000_NIL_1986  77834 2024-12-041990-10-23Rental Item Central Library, BUETCentral Library, BUET624.183 NIL/1986
2024-12-04   ১০/ক-২০ Rental section 624_183000000000000_NIL_1986  77835 2024-12-041990-10-23Rental Item Central Library, BUETCentral Library, BUET624.183 NIL/1986